Проектирование технологических процессов сборки машин: учебное пособие

Bibliografiske detaljer
Andre forfattere: Жолобов А. А. Александр Алексеевич (редактор)
Summary:Системно изложены основы проектирования технологических процессов сборки машин и их типовых узлов. Подробно описаны средства и методы механизации и автоматизации сборочных работ. Приведены примеры технологических процессов сборки узлов машин. Приложения содержат характеристики и эскизы слесарно-сборочных инструментов и оборудования. Качественные иллюстрации значительно облегчают усвоение материала. Для студентов машиностроительных специальностей технических высших учебных заведений. Может быть полезен для учащихся средних специальных учебных заведений, а также инженерно-технических и научных работников.
Sprog:russisk
Udgivet: Минск, Новое знание, 2005
Serier:Техническое образование
Fag:
Format: MixedMaterials Bog
KOHA link:https://koha.lib.tpu.ru/cgi-bin/koha/opac-detail.pl?biblionumber=88837

MARC

LEADER 00000nam0a2200000 4500
001 88837
005 20231101213627.0
010 |a 985475099X 
035 |a (RuTPU)RU\TPU\book\95323 
090 |a 88837 
100 |a 20060110d2005 m y0rusy50 ca 
101 0 |a rus 
102 |a BY 
105 |a a j 001zy 
200 1 |a Проектирование технологических процессов сборки машин  |e учебное пособие  |f под ред. А. А. Жолобова 
210 |a Минск  |c Новое знание  |d 2005 
215 |a 409 с.  |c ил. 
225 1 |a Техническое образование 
320 |a Библиогр.: с. 404-405. 
330 |a Системно изложены основы проектирования технологических процессов сборки машин и их типовых узлов. Подробно описаны средства и методы механизации и автоматизации сборочных работ. Приведены примеры технологических процессов сборки узлов машин. Приложения содержат характеристики и эскизы слесарно-сборочных инструментов и оборудования. Качественные иллюстрации значительно облегчают усвоение материала. Для студентов машиностроительных специальностей технических высших учебных заведений. Может быть полезен для учащихся средних специальных учебных заведений, а также инженерно-технических и научных работников. 
606 1 |a Механосборочное производство  |2 stltpush  |3 (RuTPU)RU\TPU\subj\43615  |9 63091 
610 1 |a машиностроение 
610 1 |a машины 
610 1 |a сборка 
610 1 |a технологические процессы 
610 1 |a проектирование 
610 1 |a типовые узлы 
610 1 |a сборочные работы 
610 1 |a автоматизация 
610 1 |a механизация 
610 1 |a автоматизированное проектирование 
610 1 |a учебные пособия 
675 |a 621.757(075.8)  |v 3 
702 1 |a Жолобов  |b А. А.  |g Александр Алексеевич  |4 340 
801 1 |a RU  |b 63413507  |c 20060110  |g PSBO 
801 2 |a RU  |b 63413507  |c 20201027  |g PSBO 
900 |a Конструкторско-технологическое обеспечение производства 
900 |a Технология машиностроения 
900 |a Технология машиностроительного производства 
900 |a Средства автоматизации гибких автоматизированных систем 
900 |a Проектирование технологических процессов электрических устройств 
942 |c BK 
951 |b 151000 
959 |a 121/20051229  |d 1  |e 267  |f НФ:1 
959 |a 13/20070212  |d 1  |e 267,00  |f УФ:1